Actualización costos de beneficiado de café. Cosecha 1974-75

Αποθηκεύτηκε σε:
Λεπτομέρειες βιβλιογραφικής εγγραφής
Κύριος συγγραφέας: Gamboa Marín, Mª Paulina
Μορφή: Κείμενο
Έκδοση: San José: Oficina del Café
Ετικέτες: Προσθήκη ετικέτας
Δεν υπάρχουν, Καταχωρήστε ετικέτα πρώτοι!

MARC

LEADER 00000 a a2200000 04500
001 14440
003
040
090 |a 023000  
100 |a Gamboa Marín, Mª Paulina  
245 |a Actualización costos de beneficiado de café. Cosecha 1974-75  
260 |a San José:   |b Oficina del Café  
300 |a 42 p.  
999 |c 1280  |d 1280